00856 a2200205 45000010006000000050017000060080041000230030015000640400040000790800122001192450062002410200022003032500011003252640033003363000019003695050138003880410008005261000017005348560099005514811420260407155747.0260407a2008 arg spa dAR-UNSa-BCEJYS aAR-UNSa-BCEJYSbspacAR-UNSa-BCEJYS a101.1xNaturaleza de la filosofía. La filosofía como ciencia. La filosofía como arte (pensamiento filosófico)10aCiencia inciertapla producción social del conocimiento a978-950-786-462-9 a3a ed. 1aBuenos Aires :bBiblosc2008 a142 p.c22 cm. a1. ¿Ciencia y ética? - 2. La garantía de verdad - 3. La garantía de utilidad - 4. Otra historia - 5. Un lugar para la ética. aspa1 aHeler, Mario41uhttps://www.biblioeco.unsa.edu.ar/pmb/images/libros/L127858.jpgyImagen de portadaqimage/jpeg